000 00295nam a2200109Ia 4500
008 221009s9999 xx 000 0 und d
082 _a001
100 _aTakshshila Publication
_978699
245 0 _aMPPSC Prilims solveld papers Question Paper -1
260 _bTakshshila Publication
942 _cBK
999 _c65224
_d65224